00627nam a22001697a 4500003000400000005001700004008004100021040001800062100002800080245013600108260002100244650006300265650002500328650003700353700002700390856004000417OSt20240827114548.0240827b ||||| |||| 00| 0 eng d cAIMIT LIBRARY aDsouza, Anora.e2216021 aSurvey on employee with reference of manipal academy of higher Education(Mahe)Manipal /cBy Anora Dsouza ; Guided by Rajani Suresh. aManipal ;c2024. aIndustry profile company profile and introduction to study aResearch methodology aData analysis and interpretation aSuresh, Rajani.eGuide 3Manipal academy of higher education